[Event "Wch U12"]
[Site "Maribor"]
[Date "2012.11.15"]
[Round "8.58"]
[White "Molaei, Mohammad"]
[Black "Paiva, Henrique MA Alberg"]
[Result "1-0"]
[WhiteElo "1809"]
[BlackElo "1629"]
[PlyCount "53"]
[EventDate "2012.11.08"]
[EventType "swiss"]
[EventRounds "11"]
[EventCountry "SLO"]
[SourceTitle "EXT 2013"]
[Source "ChessBase"]
[SourceDate "2012.11.22"]
[SourceVersion "1"]
[SourceVersionDate "2012.11.22"]
[SourceQuality "1"]

1. Nf3 d5 2. g3 c6 3. Bg2 Nf6 4. 0-0 g6 5. c4 Bg7 6. d4 0-0 7. Nc3 e6 8. Qc2 Nbd7 9. c5 b6 10. b4 bxc5 11. bxc5 Nh5 12. e4 dxe4 13. Nxe4 e5 14. Bb2 exd4 15. Bxd4 Bxd4 16. Nxd4 Ne5 17. Nd6 Qc7 18. Qe4 f6 19. Nxc6 Nxc6 20. Qxc6 Qxc6 21. Bxc6 Rb8 22. Bd5+ Kh8 23. Rab1 Bh3 24. Rfc1 Kg7 25. c6 Rbd8 26. Rb7+ Kh6 27. Nf7+ 1-0

[Event "Wch U12"]
[Site "Maribor"]
[Date "2012.11.10"]
[Round "3.58"]
[White "Halaszi, Csaba Peter"]
[Black "Molaei, Mohammad"]
[Result "1/2-1/2"]
[WhiteElo "1551"]
[BlackElo "1809"]
[PlyCount "83"]
[EventDate "2012.11.08"]
[EventType "swiss"]
[EventRounds "11"]
[EventCountry "SLO"]
[SourceTitle "EXT 2013"]
[Source "ChessBase"]
[SourceDate "2012.11.22"]
[SourceVersion "1"]
[SourceVersionDate "2012.11.22"]
[SourceQuality "1"]

1. e4 c5 2. Nc3 Nc6 3. g3 g6 4. Bg2 Bg7 5. Nge2 e6 6. d3 Nge7 7. Be3 Nd4 8. 0-0 0-0 9. Qd2 Nec6 10. Nf4 b6 11. a4 Bb7 12. Nb5 Nxb5 13. axb5 Nd4 14. Bxd4 Bxd4 15. c3 Bg7 16. Ne2 d5 17. exd5 Bxd5 18. Qe3 Bxg2 19. Kxg2 Qd7 20. Ra6 Qxb5 21. Rfa1 Rad8 22. c4 Qxb2 23. Rxa7 Qxa1 24. Rxa1 Bxa1 25. Ng1 Rd6 26. Ne2 Rfd8 27. Nf4 Bg7 28. Qf3 Rd4 29. Qb7 Bh6 30. h4 Bxf4 31. gxf4 R8d6 32. h5 Kg7 33. h6+ Kf6 34. Qf3 Rxd3 35. Qe4 R3d4 36. Qe5+ Ke7 37. Qg7 Rxf4 38. Qxh7 Rd2 39. Qg7 Rdxf2+ 40. Kg3 R4f3+ 41. Kg4 Rf4+ 42. Kg3 1/2-1/2